书目信息 |
| 题名: |
钢筋工工长手册
|
|
| 作者: | 张希舜 主编 ;崔鹏 , 魏金明 副主编 | |
| 分册: | ||
| 出版信息: | 北京 中国建筑工业出版社 2010.01 |
|
| 页数: | 416页 | |
| 开本: | 20cm | |
| 丛书名: | 建筑工程施工工长系列手册 | |
| 单 册: | ||
| 中图分类: | TU755.3 | |
| 科图分类: | ||
| 主题词: | 建筑工程--jian zhu gong cheng--钢筋--工程施工--技术手册 | |
| 电子资源: | ||
| ISBN: | 978-7-112-11464-1 | |
| 000 | 01105nam 2200277 450 | |
| 001 | 012001000712 | |
| 005 | 20100506101106.61 | |
| 010 | @a978-7-112-11464-1@dCNY29.00 | |
| 100 | @a20100515d2010 km y0chiy0121 eb | |
| 101 | 0 | @achi |
| 102 | @aCN@b110000 | |
| 105 | @aa a 000yy | |
| 200 | 1 | @a钢筋工工长手册@Agang jin gong gong zhang shou ce@f张希舜主编@g崔鹏, 魏金明副主编@Gcui peng,wei jin ming fu zhu bian |
| 210 | @a北京@c中国建筑工业出版社@d2010.01 | |
| 215 | @a416页@c图@d20cm | |
| 225 | 2 | @a建筑工程施工工长系列手册@Ajian zhu gong cheng shi gong gong zhang xi lie shou ce |
| 320 | @a有书目 | |
| 330 | @a全书共11章,内容包括:建筑识图、钢筋材料、钢筋计算与配料、钢筋工程、技术管理、质量管理、安全管理、预算与成本管理、班组管理、合同管理及钢筋工长基本素质与技能要求。 | |
| 410 | 0 | @12001 @a建筑工程施工工长系列手册 |
| 606 | 0 | @a建筑工程@Ajian zhu gong cheng@x钢筋@x工程施工@j技术手册 |
| 690 | @aTU755.3@v4 | |
| 701 | 0 | @a张希舜@Azhang xi shun@4主编 |
| 702 | 0 | @a崔鹏@Acui peng@4副主编 |
| 702 | 0 | @a魏金明@Awei jin ming@4副主编 |
| 801 | 0 | @aCN@c20100515 |
| 905 | @dTU755.3@eZ200@f5 | |
| 钢筋工工长手册/张希舜主编/崔鹏, 魏金明副主编.-北京:中国建筑工业出版社,2010.01 |
| 416页:图;20cm.-(建筑工程施工工长系列手册) |
| ISBN 978-7-112-11464-1:CNY29.00 |
| 全书共11章,内容包括:建筑识图、钢筋材料、钢筋计算与配料、钢筋工程、技术管理、质量管理、安全管理、预算与成本管理、班组管理、合同管理及钢筋工长基本素质与技能要求。 |
| ● |
| 相关链接 |
|
|
|
正题名:钢筋工工长手册
索取号:TU755.3/Z200
 
预约/预借
| 序号 | 登录号 | 条形码 | 馆藏地/架位号 | 状态 | 备注 |
| 1 | 898825 | 208988256 | 建筑库201/201建筑库 43排1列1层/ [索取号:TU755.3/Z200] | 在馆 | |
| 2 | 898826 | 208988265 | 建筑库201/201建筑库 43排1列1层/ [索取号:TU755.3/Z200] | 在馆 | |
| 3 | 898827 | 208988274 | 土木与交通工程学院资料室/土木与交通学院资料室 1排1列1层/ [索取号:TU755.3/Z200] | 在馆 | |
| 4 | 898828 | 208988283 | 自科二线404/404自科库 9排1列2层/ [索取号:TU755.3/Z200] | 在馆 | |
| 5 | 898829 | 208988292 | 土木与交通工程学院资料室/土木与交通学院资料室 1排1列1层/ [索取号:TU755.3/Z200] | 在馆 |